000 00408cam a2200169ua 4500
020 _c2.50
041 _amal
_h
082 _a894.8124
_bKRI/PA
100 _aKrishna Warrier, N.V.
245 _aPariprekshyam /
_cN V Krishna Warrier.
_hTextual Documents
260 _aThrissur :
_bCurrent Books ,
_c1964.
300 _a194 ; .
365 _a2.50
504 _a
942 _cBK
999 _c5828
_d5828